000 01334cam a2200301 a 4500
005 20160108054838.0
008 050529s2004 ck a r 00010 spa d
015 _ack-2004-xxxx
020 _a9588246393
040 _ala
_cla
_dCO-BoIAVH
041 0 _aspa
043 _acc-----
_as-ck---
082 0 4 _a639.20986
_bG89p
110 2 _aGrupo de Investigación Evaluación y Ecología Pesquera
_948285
245 1 0 _aPesquerías demersales del área norte del Mar Caribe y parámetros biológico-pesqueros y poblacionales del recurso pargo /
_cGrupo de Investigación Evaluación y Ecología Pesquera ; ilustraciones Jairo Altamar López.
260 _aBogotá :
_bColciencias,
_c2004.
300 _a317 páginas :
_bilustraciones ;
_c24 cm.
650 1 6 _aPesca
_z Caribe (Región, Colombia)
_948286
650 2 6 _aIndustria pesquera
_z Caribe (Región, Colombia)
_948287
650 2 6 _aCultivo de pargos
_z Caribe (Región, Colombia)
_948288
650 2 6 _aPesca artesanal
_z Caribe (Región, Colombia)
_948289
650 2 6 _aPargo
_x Clasificación
_z Caribe (Región, Colombia)
_948290
650 2 6 _aAdministración de pesquerías
_z Caribe (Región, Colombia)
_948291
700 1 _aManjarrés Martínez, Luis,
_eeditor
_948292
700 1 _aAltamar López, Jairo,
_eilustrador
_948293
942 _2ddc
_cLIBRO
949 _ac
_bn
999 _c7252
_d7252